Problem-based Physiology / : (رقم التسجيلة. 31533)

تفاصيل مارك
000 -الفاتح
حقل البيانات ثابتة الطول 01148cam a2200361 i 4500
001 - رقم الضبط
رقم الضبط 1826120
003 - محدد رقم الضبط
رقم الضبط OSt
005 - وقت وتاريخ اخر تعامل مع التسجيلة
رقم الضبط 20150408114145.0
008 - عناصر البيانات ثابتة الطول - معلومات عامة
حقل البيانات ثابتة الطول 800320s1980 nyu b 001 0 eng
010 ## - رقم ضبط مكتبة الكونجرس
رقم ضبط مكتبة الكونجرس 80013429
020 ## - الرقم الدولى المعيارى للكتب
الرقم الدولى المعيارى للكتاب 0826128408
020 ## - الرقم الدولى المعيارى للكتب
الرقم الدولى المعيارى للكتاب 9781416042174
040 ## - مصدر الفهرسة
وكالة الفهرسة الأصلية DLC
وكالة النسخ DLC
وكالة التعديل DLC
050 00 - رقم طلب مكتبة الكونجرس
رقم التصنيف R834
رقم المادة .B37
060 ## - رقم الطلب بالمكتبة الطبية الوطنية
رقم التصنيف W1 SP685SE v. 1
-- W18 B278p
082 00 - رقم تصنيف ديوى العشرى
رقم التصنيف 616.07
رقم الطبعة 21
رقم المادة crp
100 1# - المدخل الرئيسى - إسم شخصى
الإسم الشخصى Carroll, Robert G.
9 (RLIN) 38473
245 10 - بيان العنوان
العنوان Problem-based Physiology / :
بيان المسئوليه,etc Carroll, Robert G.
260 ## - PUBLICATION, DISTRIBUTION, ETC. (IMPRINT)
مكان الناشر او الموزع New York :
اسم الناشر او الموزع Springer Pub. Co.,
تاريخ النشر أو التوزيع 2010
300 ## - الوصف المادى
التعداد xvii, 206 p. ;
أبعاد الوعاء 24 cm.
440 #0 - بيان السلسلة/مدخل إضافى-العنوان
العنوان Springer series on medical education ;
رقم المجلد/ التعيين التسلسلي v. 1
9 (RLIN) 38474
500 ## - تبصرة عامة
تبصرة عامة Includes index.
504 ## - تبصرة ببليوجرافية
تبصرة ببليوجرافية,الخ Bibliography: p. 195-200.
650 #0 - المدخل الاضافى بالموضوع-مصطلح موضوعى
مصطلح موضوعي أو اسم جغرافي كعنصر مدخل Clinical medicine
التقسيم الفرعي العام Study and teaching.
9 (RLIN) 38475
650 #0 - المدخل الاضافى بالموضوع-مصطلح موضوعى
مصطلح موضوعي أو اسم جغرافي كعنصر مدخل Medical logic
التقسيم الفرعي العام Study and teaching.
9 (RLIN) 38476
650 #0 - المدخل الاضافى بالموضوع-مصطلح موضوعى
مصطلح موضوعي أو اسم جغرافي كعنصر مدخل Problem-based learning.
9 (RLIN) 10869
650 #2 - المدخل الاضافى بالموضوع-مصطلح موضوعى
مصطلح موضوعي أو اسم جغرافي كعنصر مدخل Education, Medical.
9 (RLIN) 37652
650 #2 - المدخل الاضافى بالموضوع-مصطلح موضوعى
مصطلح موضوعي أو اسم جغرافي كعنصر مدخل Learning.
650 #2 - المدخل الاضافى بالموضوع-مصطلح موضوعى
مصطلح موضوعي أو اسم جغرافي كعنصر مدخل Problem solving.
9 (RLIN) 5101
700 1# - المدخل الاضافى - اسم شخصى
الإسم الشخصى Tamblyn, Robyn M.,
الدور joint author.
9 (RLIN) 38477
906 ## - عنصر بيانات محلى F, LDF (RLIN)
a 7
b cbc
c orignew
d 1
e ocip
f 19
g y-gencatlg
942 ## - عناصر المدخل الإضافي( كوها)
مصدر التصنيف او مخطط الترفيف Dewey Decimal Classification
Koha [default] item type كتاب
المقتنيات
حالة الفقد نموذج السعر الفعال حالة تلف ليس للاعارة رقم الطلب تاريخ الاكتساب الموقع الحالي الباركود الفرع الرئيسي Total Renewals Date last checked out Date last seen نوع المادة فى نظام كوها مصدر التصنيف او خطة الترفيف Total Checkouts
  2013-10-28     616.07 CRP 2013-10-28 المكتبة المركزية بالمجمعة (CL) 00402433 المكتبة المركزية بالمجمعة (CL) 1 2013-12-02 2022-01-30 كتاب Dewey Decimal Classification 1
  2013-10-28     616.07 CRP 2013-10-28 المكتبة المركزية بالمجمعة (CL) 00402434 المكتبة المركزية بالمجمعة (CL)     2013-10-28 كتاب Dewey Decimal Classification  
  2013-10-28     616.07 CRP 2013-10-28 المكتبة المركزية بالمجمعة (CL) 00402435 المكتبة المركزية بالمجمعة (CL)     2013-10-28 كتاب Dewey Decimal Classification  
  2013-10-28     616.07 crp 2013-10-28 مكتبة كلية التربية بالزلفى - طالبات (EZF) 00402437 مكتبة مجمع الكليات بالزلفى - طلاب (SZM)   2016-02-11 2016-02-21 كتاب Dewey Decimal Classification 1
  2013-10-28     616.07 crp 2013-10-28 مكتبة مجمع الكليات بالزلفى - طلاب (SZM) 00402436 مكتبة مجمع الكليات بالزلفى - طلاب (SZM)     2013-10-28 كتاب Dewey Decimal Classification